Normal view
MARC view
Entry Personal Name
001 - CONTROL NUMBER
- control field: 3321
003 - CONTROL NUMBER IDENTIFIER
- control field: dpl
005 - DATE AND TIME OF LATEST TRANSACTION
- control field: 20100731142236.0
008 - FIXED-LENGTH DATA ELEMENTS
- fixed length control field: 100731|||a|||||| | ||| d
040 ## - CATALOGING SOURCE
- Original cataloging agency: dpl
- Transcribing agency: dpl
100 ## - HEADING--PERSONAL NAME
- Personal name: Harrison , Mark
670 ## - SOURCE DATA FOUND
- Source citation: Work cat.: (dpl): Health,medicine and empire :, 2006
670 ## - SOURCE DATA FOUND
- Source citation: Work cat.: (dpl): Health,medicine and empire :, 2006
